Statistics for Tricky Spelling Capitals

Click here to take the quiz!

General Stats

  • This quiz has been taken 47 times
  • The average score is 24 of 32

Answer Stats

HintAnswer% Correct
North KoreaPyongyang
98%
IcelandReykjavík
95%
Saudi ArabiaRiyadh
95%
ArgentinaBuenos Aires
93%
ParaguayAsuncion
88%
SloveniaLjubljana
88%
MadagascarAntananarivo
86%
NepalKathmandu
86%
SomaliaMogadishu
83%
Dominican RepublicSanto Domingo
83%
SurinameParamaribo
81%
GeorgiaTbilisi
81%
TajikistanDushanbe
79%
Burkina FasoOuagadougou
76%
CambodiaPhnom Penh
76%
HondurasTegucigalpa
76%
St LuciaCastries
74%
MalawiLilongwe
74%
SwazilandMbabane
74%
LaosVientiane
74%
CameroonYaoundé
74%
MongoliaUlaanbaatar
71%
BurundiBujumbura
67%
MyanmarNaypyidaw
67%
St Kitts and NevisBasseterre
64%
ChadN'Djamena
64%
MauritaniaNouakchott
64%
Côte d'IvoireYamoussoukro
64%
BruneiBandar Seri Begawan
62%
TongaNukuʻalofa
62%
PalauNgerulmud
50%
Sri LankaSri Jayawardenepura Kotte
48%

Score Distribution

Percentile by Number Answered

Percent of People with Each Score

Your Score History

You have not taken this quiz